Online Catalogue and eLibrary

Shistacharaye miniwala kaneema (Record no. 5177)

MARC details
000 -LEADER
fixed length control field 00428nam a2200157Ia 4500
005 - DATE AND TIME OF LATEST TRANSACTION
control field 20250701162825.0
008 - FIXED-LENGTH DATA ELEMENTS--GENERAL INFORMATION
fixed length control field 240331s9999 xx 000 0 und d
020 ## - INTERNATIONAL STANDARD BOOK NUMBER
ISBN 95582100408
082 ## - DDC Classification
Item Number - Author Mark BAN
Class No. 630
100 ## - MAIN ENTRY--PERSONAL NAME
Personal name Bandara,T
245 #0 - TITLE STATEMENT
Title Shistacharaye miniwala kaneema
260 ## - PUBLICATION, DISTRIBUTION, ETC.
Place of publication, distribution, etc. Ratmalana
Name of publisher, distributor, etc. Thathana Marasinghe Memorial Foundation
Date of publication, distribution, etc. 2000
300 ## - PHYSICAL DESCRIPTION
Extent (e.g. Volumes, Pages etc.) 87 p .,
500 ## - GENERAL NOTE
General note Digging the Grave of a Civilization
942 ## - Koha item type (Biblio)
Koha item type Books in Stacks (Lending)
Holdings
Lost status Damaged status Collection code Home library Current library Shelving location Date acquired Full call number Accession Number Item type
    Lending WERC Library WERC Library Social Science Cupboard 03/31/2024 630 BAN 6363 Books in Stacks (Lending)

© WERC Library